书目信息 |
| 题名: |
混凝土性能
|
|
| 作者: | 蔡正咏 著 | |
| 分册: | ||
| 出版信息: | 北京 中国建筑工业出版社 1979 |
|
| 页数: | 169页 | |
| 开本: | 20cm | |
| 丛书名: | ||
| 单 册: | ||
| 中图分类: | TU371 | |
| 科图分类: | ||
| 主题词: | 混凝土结构 , 钢筋混凝土结构 | |
| 电子资源: | ||
| ISBN: | ||
| 000 | 00605nam0 2200241 45 | |
| 001 | 0179006829 | |
| 005 | 20040517110529.0 | |
| 010 | @dCNY0.71 | |
| 091 | @b15040.3682 | |
| 100 | @a19950728d1979 em y0chiy0121 ea | |
| 101 | 0 | @achi |
| 102 | @aCN@b110000 | |
| 105 | @ay z 000yy | |
| 106 | @ar | |
| 200 | 10 | @a混凝土性能@Ahun ning tu xing neng@f蔡正咏著 |
| 210 | @a北京@c中国建筑工业出版社@d1979 | |
| 215 | @a169页@d20cm | |
| 606 | 0 | @a混凝土结构 |
| 606 | 0 | @a钢筋混凝土结构 |
| 690 | @aTU371 | |
| 701 | 0 | @a蔡正咏@Acai zheng yong@4著 |
| 801 | 0 | @aCN@bNLC@c20040517 |
| 905 | @f1@b81543@dTU371@e12 | |
| 混凝土性能/蔡正咏著.-北京:中国建筑工业出版社,1979 |
| 169页;20cm |
| ISBN :CNY0.71 |
| ● |
| 相关链接 |
|
|
|
|
正题名:混凝土性能
索取号:TU371/12
 
预约/预借
| 序号 | 登录号 | 条形码 | 馆藏地/架位号 | 状态 | 备注 |
| 1 | 0081543 | 001481177 | 第三借阅区/ [索取号:TU371/12] | 在馆 | |
| 2 | 0081544 | 001481248 | 第二样本阅览室/ [索取号:TU371/12] | 在馆 |